Nový model rozmiestnenia stanovíšť je pre záchranárov výhodnejší

Podrobná bibliografia
Hlavný autor: Brezinová, Michaela (Autor, Fotograf)
Médium: Článok
Jazyk:slovenčina
Fyzický popis:Fotogr.
ISSN:1335-7573
Predmet:

MARC

LEADER 00000nab a2200000 ar4500
001 vtls008848243
003 SK-MaSNL
005 20260303062207.0
008 060922c20040806xo dr|n|||||||000 b|slo
015 |a SLLK2004  |2 sllk 
038 |a SLLK 
040 |a SLLK  |b slo  |c sllk  |e AACR2 
041 0 |a slo 
044 |a xo  |c SK 
080 |a 614.2  |2 1997 
080 |a 614.881  |2 1997 
100 1 |a Brezinová, Michaela  |4 aut  |4 pht  |9 669983 
245 1 0 |a Nový model rozmiestnenia stanovíšť je pre záchranárov výhodnejší  |c Michaela Brezinová ; foto: Michaela Brezinová 
300 |b Fotogr. 
650 0 7 |a zdravotnícka záchranná služba  |2 snkbucl  |9 69995 
651 7 |a Stará Ľubovňa (Slovensko)  |2 snkbucl  |9 19193 
773 0 |t Tatranský denník Korzár  |g Roč. VI, č. 181 (6. 8.2004) s. 1  |x 1335-7573 
852 |a SLLK  |b KIS3GCP 
999 |c 1738313  |d 1740243